000 01079nam a2200265 a 4500
001 65329
003 BD-RjUL
005 20211209081418.0
008 170401s1973 enk b 101 0 eng d
020 _a0714629723
035 _a(BD-RjUL)65459
040 _aDLC
_cDLC
_dm.c.
_dOCL
_dOSU
_dPGP
_dBD-RjUL
_dm/c
_beng
041 _aeng
082 _223
_a297.0961
_bNOR 1973
245 0 0 _aNorthern Africa :
_bIslam and modernization /
_cedited with introduction by Michael Brett.
260 _aLondon :
_bCass,
_c1973.
300 _axxvii, 177 p. ;
_c23 cm.
500 _apapers on the theme of Islamization, modernization, nationalism and independence presented and discussed at a symposium arranged by the African Studies Association of the United Kingdom on the occasion of its annual general meeting, 14, September 1971.
504 _aIncludes bibliographies and index.
650 0 _aIslam
_zAfrica.
_9193358
651 0 _aAfrica, North.
_9193359
700 1 _aBrett, Michael.
_9193360
710 2 _aAfrican Studies Association of the United Kingdom.
_9193361
942 _2ddc
_cBK
999 _c65329
_d65329